000 00474nam a2200169 i 4500
001 147559
003 ES-MaACL
005 20231204175219.0
007 t|
008 071003s1921 sp ||||1| spa d
100 1 _aUrabayen, Félix,
_d1883-1943
_9112048
245 1 3 _aLa última cigüeña /
_cFélix Urabayen.
260 _aMadrid :
_b[Sucesores de Rivadeneyra],
_c1921.
300 _a222 p. :
_bil. ;
_c20 cm.
852 _aES-MaACL
_jF-1162
999 _c147559
_d147559